[Event "NOR-chT Club"]
[Site "Drammen"]
[Date "2019.05.30"]
[Round "5"]
[White "Ekornasvag, Harald"]
[Black "Kierulf, Villum Brevick"]
[Result "1/2-1/2"]
[WhiteElo "1206"]
[BlackElo "1400"]
[PlyCount "84"]
[EventDate "2019.05.30"]
[EventType "team-swiss"]
[EventRounds "6"]
[EventCountry "NOR"]
[SourceTitle "CBM 190 Extra"]
[Source "ChessBase"]
[SourceDate "2019.07.15"]
[SourceVersion "1"]
[SourceVersionDate "2019.07.15"]
[SourceQuality "1"]
[WhiteTeam "Kristiansand II"]
[BlackTeam "Konnerud"]
[WhiteTeamCountry "NOR"]
[BlackTeamCountry "NOR"]

1. d4 Nf6 2. c4 g6 3. Nc3 Bg7 4. Bg5 0-0 5. e4 d6 6. f4 Bg4 7. Be2 Bxe2 8. Ngxe2 h6 9. Bh4 Qd7 10. e5 dxe5 11. dxe5 Qxd1+ 12. Rxd1 Ng4 13. Bxe7 Ne3 14. Bxf8 Nxd1 15. Bxg7 Nxc3 16. Nxc3 Kxg7 17. Nd5 Na6 18. 0-0 c6 19. Nc3 Rd8 20. Rd1 Rxd1+ 21. Nxd1 g5 22. f5 Nb4 23. Nc3 Nd3 24. b3 Nxe5 25. Ne4 Nd7 26. a3 b6 27. Nd6 a5 28. Nc8 b5 29. Na7 bxc4 30. bxc4 c5 31. Nc8 Ne5 32. Nd6 Kf6 33. a4 Ke7 34. Nb7 Nxc4 35. Nxc5 Kd6 36. Nb3 Nb6 37. Nxa5 Nxa4 38. Nc4+ Kd5 39. Ne3+ Ke4 40. Ng4 Kxf5 41. Nxh6+ Kg6 42. Ng4 f6 1/2-1/2